|
|
|
|
| LEADER |
01682nam a2200433 a 4500 |
| 001 |
EBC806422 |
| 003 |
MiAaPQ |
| 005 |
20200520144314.0 |
| 006 |
m o d | |
| 007 |
cr cn||||||||| |
| 008 |
110418s2011 pau sb 001 0 eng d |
| 010 |
|
|
|z 2011015413
|
| 020 |
|
|
|z 9781439904688 (hardback)
|
| 020 |
|
|
|z 9781439904695 (pbk.)
|
| 020 |
|
|
|a 9781439904701 (electronic bk.)
|
| 035 |
|
|
|a (MiAaPQ)EBC806422
|
| 035 |
|
|
|a (Au-PeEL)EBL806422
|
| 035 |
|
|
|a (CaPaEBR)ebr10520633
|
| 035 |
|
|
|a (CaONFJC)MIL335586
|
| 035 |
|
|
|a (OCoLC)775869159
|
| 040 |
|
|
|a MiAaPQ
|c MiAaPQ
|d MiAaPQ
|
| 050 |
|
4 |
|a RC967
|b .D36 2011
|
| 082 |
0 |
4 |
|a 363.1109
|2 22
|
| 245 |
0 |
0 |
|a Dangerous trade
|h [electronic resource] :
|b histories of industrial hazard across a globalizing world /
|c edited by Christopher Sellers and Joseph Melling.
|
| 260 |
|
|
|a Philadelphia :
|b Temple University Press,
|c 2011.
|
| 300 |
|
|
|a x, 218 p.
|
| 504 |
|
|
|a Includes bibliographical references and index.
|
| 505 |
0 |
|
|a pt. 1. The late nineteenth century to the early twentieth century -- pt. 2. The middle to the late twentieth century.
|
| 533 |
|
|
|a Electronic reproduction. Ann Arbor, MI : ProQuest, 2015. Available via World Wide Web. Access may be limited to ProQuest affiliated libraries.
|
| 650 |
|
0 |
|a Industrial hygiene.
|
| 650 |
|
0 |
|a Hazardous substances.
|
| 650 |
|
0 |
|a Industrial toxicology.
|
| 650 |
|
0 |
|a Industrial safety.
|
| 650 |
|
0 |
|a Environmental health.
|
| 655 |
|
4 |
|a Electronic books.
|
| 700 |
1 |
|
|a Sellers, Christopher C.
|
| 700 |
1 |
|
|a Melling, Joseph.
|
| 710 |
2 |
|
|a ProQuest (Firm)
|
| 856 |
4 |
0 |
|u https://ebookcentral.proquest.com/lib/matrademy/detail.action?docID=806422
|z Click to View
|